La condition humaine / (Record no. 188100)

MARC details
000 -LEADER
campo de control de longitud fija 00585nam a2200205 i 4500
001 - NÚMERO DE CONTROL
campo de control 188100
003 - IDENTIFICADOR DE NÚMERO DE CONTROL
campo de control SpMaBN
005 - FECHA Y HORA DE LA ÚLTIMA TRANSACCIÓN
campo de control 20260623174046.0
008 - DATOS DE LONGITUD FIJA--INFORMACIÓN GENERAL
campo de control de longitud fija 180430s1973 fr |||| | fre d
080 ## - NÚMERO DE LA CLASIFICACIÓN DECIMAL UNIVERSAL
Número de la Clasificación Decimal Universal 821.133.1-31"19"
100 1# - ENTRADA PRINCIPAL--NOMBRE DE PERSONA
Nombre de persona Malraux, André,
Fechas asociadas al nombre 1901-1976
9 (RLIN) 75859
245 13 - MENCIÓN DEL TÍTULO
Título La condition humaine /
Mención de responsabilidad, etc. André Malraux.
250 ## - MENCION DE EDICION
Mención de edición Éd. rev. et corr.
260 ## - PUBLICACIÓN, DISTRIBUCIÓN, ETC.
Lugar de publicación, distribución, etc. Paris :
Nombre del editor, distribuidor, etc. Gallimard,
Fecha de publicación, distribución, etc. 1973.
300 ## - DESCRIPCIÓN FÍSICA
Extensión 284 p. ;
Dimensiones 18 cm.
490 1# - MENCIÓN DE SERIE
Mención de serie Folio ;
Designación de volumen o secuencia 1
830 0# - PUNTO DE ACCESO ADICIONAL DE SERIE-TÍTULO UNIFORME
Título uniforme Folio ;
Designación de volumen o secuencia 1
9 (RLIN) 178839
852 ## - LOCALIZACIÓN
Ubicación ES-MaACL
Número de control de estantería L-31991
Nota libre . - Donat. Carmen Zumárraga
Holdings
Estatus retirado Estado de pérdida Estado de daño No para préstamo Biblioteca de origen Biblioteca actual Ubicación en estantería Fecha de adquisición Fuente de adquisición Total de préstamos Signatura topográfica completa Código de barras Visto por última vez Precio de reemplazo Tipo de ítem Koha
        Biblioteca del Ateneo de Madrid Biblioteca del Ateneo de Madrid Depósito 2 30/04/2018     L-31991 1198797 23/02/2023 23/02/2023 Libro impreso